| 000 | 00384nam a2200145Ia 4500 | ||
|---|---|---|---|
| 008 | 240624s9999 xx 000 0 und d | ||
| 041 | _aeng | ||
| 082 | _a659.1 PER | ||
| 100 | _aPERCY LARRY | ||
| 245 | _aSTRATEGIC ADVERTISING MANAGEMENT | ||
| 250 | _a(3rd ed.) | ||
| 260 |
_c2009 _aNew Delhi _bOxford University Press India |
||
| 300 | _axviii, : 424 : p. : cm. ; 24 | ||
| 365 | _cRS | ||
| 999 |
_c21190 _d21190 |
||